| 000 | 00710nam a22002177a 4500 | ||
|---|---|---|---|
| 003 | OSt | ||
| 005 | 20230831084951.0 | ||
| 008 | 221006b |||||||| |||| 00| 0 eng d | ||
| 040 | _cBiblioteca Lado V | ||
| 082 |
_a731.2 _bP116n |
||
| 100 |
_91001 _aPacheco, Nazareth _eautor |
||
| 245 | _aNazareth Pacheco/ | ||
| 260 |
_c2003 _aBrasil _bEspacio de Artes UNICID |
||
| 300 |
_c20x20cm _a32p. |
||
| 366 | _espa | ||
| 650 |
_2Tesauro de Arte & Arquitectura _aARTE _9703 |
||
| 650 |
_2Tesauro de Arte & Arquitectura _aECULTURA _9702 |
||
| 650 |
_2Tesauro de Arte & Arquitectura _aACRILICO _9702 |
||
| 650 |
_2Tesauro de Arte & Arquitectura _aINSTALACIONES |
||
| 942 |
_2ddc _c1 _h731.2 _iP116n _n0 |
||
| 999 |
_c4250 _d4250 |
||